[Event "37. Copenhagen Open (Politiken Cup)"]
[Site "Elsinore"]
[Date "2015.07.30"]
[Round "7"]
[White "Alfven, Jorgen"]
[Black "Jepsen, Thomas Tange"]
[Result "0-1"]
[WhiteElo "1932"]
[BlackElo "2115"]
[PlyCount "90"]
[EventDate "2015.07.25"]
[EventType "swiss"]
[EventRounds "10"]
[EventCountry "DEN"]
[Source "ChessBase"]
[SourceDate "2015.09.14"]

1. d4 d5 2. c4 c6 3. Nf3 Nf6 4. Nc3 a6 5. c5 g6 6. h3 Bg7 7. Bf4 O-O 8. e3 Re8
9. Bd3 Nfd7 10. b4 e5 11. dxe5 Nxe5 12. Bxe5 Bxe5 13. Nxe5 Rxe5 14. Ne2 Qh4 15.
Qd2 a5 16. g3 Qxb4 17. Qxb4 axb4 18. Kd2 Nd7 19. f4 Re7 20. Rhb1 Nxc5 21. Rxb4
Ra3 22. Nc3 Bxh3 23. Rh1 Bg2 24. Rc1 Be4 25. Be2 h5 26. Rf1 Bg2 27. Ra1 Ne4+
28. Nxe4 Bxe4 29. Rb3 Ra4 30. Kc1 d4 31. exd4 Bd5 32. Rb2 Rxd4 33. a4 Bc4 34.
Bd1 Re1 35. Rd2 Rxd2 36. Kxd2 Rg1 37. Ra3 Rg2+ 38. Kc1 Ra2 39. Rc3 Ra1+ 40. Kd2
b5 41. axb5 cxb5 42. Bc2 Kg7 43. Ke3 Be6 44. Kd4 b4 45. Re3 Ra3 0-1

[Event "37. Copenhagen Open (Politiken Cup)"]
[Site "Elsinore"]
[Date "2015.07.30"]
[Round "7"]
[White "Alquist, Erik"]
[Black "Haugland, Rasmus L"]
[Result "1/2-1/2"]
[WhiteElo "2061"]
[BlackElo "1884"]
[PlyCount "88"]
[EventDate "2015.07.25"]
[EventType "swiss"]
[EventRounds "10"]
[EventCountry "DEN"]
[Source "ChessBase"]
[SourceDate "2015.09.14"]

1. e4 c6 2. d4 d5 3. e5 Bf5 4. Nf3 e6 5. Be2 Nd7 6. O-O Bg6 7. Nbd2 Nh6 8. Nb3
Nf5 9. a4 a5 10. Bd2 Be7 11. Rc1 O-O 12. g4 Nh4 13. Nxh4 Bxh4 14. f4 f5 15. g5
h6 16. gxh6 gxh6 17. Bh5 Kh7 18. Kh1 Rg8 19. Rg1 b6 20. Bxg6+ Rxg6 21. Rxg6
Kxg6 22. Qf3 Qe7 23. c4 Rg8 24. c5 Kh7 25. cxb6 Nxb6 26. Nxa5 Nxa4 27. Nxc6 Qb7
28. b3 Rc8 29. bxa4 Rxc6 30. Rg1 Qf7 31. a5 Rc2 32. Qd3 Rc4 33. Rb1 Qa7 34. Rb4
Bf2 35. Rxc4 dxc4 36. Qxc4 Qb7+ 37. d5 exd5 38. Qb4 Qg7 39. Qb1 Qg4 40. Qb7+
Kg6 41. Qc6+ Kh5 42. Qe8+ Kh4 43. Qe7+ Kh3 44. Qa3+ Kh4 1/2-1/2

[Event "37. Copenhagen Open (Politiken Cup)"]
[Site "Elsinore"]
[Date "2015.07.30"]
[Round "7"]
[White "Andersen, Claus"]
[Black "Ozcan, Guney"]
[Result "1-0"]
[WhiteElo "1773"]
[BlackElo "1903"]
[PlyCount "51"]
[EventDate "2015.07.25"]
[EventType "swiss"]
[EventRounds "10"]
[EventCountry "DEN"]
[Source "ChessBase"]
[SourceDate "2015.09.14"]

1. c4 e6 2. Nc3 Nf6 3. d4 d5 4. cxd5 exd5 5. Bg5 Nbd7 6. e3 Be7 7. Qc2 O-O 8.
Bd3 h6 9. Bf4 Re8 10. Nf3 Nb6 11. h3 Be6 12. O-O c6 13. Rab1 Bd6 14. Bxd6 Qxd6
15. b4 Rac8 16. Ne5 Nfd7 17. f4 Nxe5 18. fxe5 Qe7 19. Qf2 Qg5 20. Qf4 Qh5 21.
Rf3 Rf8 22. Rg3 f6 23. exf6 Rf7 24. Bg6 Rxf6 25. Qxf6 gxf6 26. Bxh5+ 1-0

[Event "37. Copenhagen Open (Politiken Cup)"]
[Site "Elsinore"]
[Date "2015.07.30"]
[Round "7"]
[White "Andersen, Daniel"]
[Black "Schou Moldt, Thomas"]
[Result "1/2-1/2"]
[WhiteElo "1766"]
[BlackElo "2205"]
[PlyCount "98"]
[EventDate "2015.07.25"]
[EventType "swiss"]
[EventRounds "10"]
[EventCountry "DEN"]
[Source "ChessBase"]
[SourceDate "2015.09.14"]

1. c4 g6 2. e4 d6 3. d4 Bg7 4. Nc3 Nf6 5. f3 O-O 6. Be3 a6 7. Bd3 Nc6 8. Nge2
Rb8 9. Qd2 e6 10. O-O Qe7 11. a3 Bd7 12. b4 Ne8 13. f4 Nf6 14. h3 b5 15. e5 Ne8
16. cxb5 axb5 17. Bxb5 Nxe5 18. dxe5 Bxb5 19. Nxb5 Rxb5 20. Nc3 Rb8 21. exd6
Nxd6 22. Bd4 Nc4 23. Qf2 Rfd8 24. Bxg7 Kxg7 25. Rfd1 Rxd1+ 26. Nxd1 Qf6 27. Ra2
Rd8 28. Ne3 Rd4 29. g3 Qd8 30. Nxc4 Rxc4 31. Rd2 Rc1+ 32. Kh2 Qa8 33. Qd4+ Kg8
34. Qd8+ Qxd8 35. Rxd8+ Kg7 36. Rc8 Ra1 37. Rxc7 Ra2+ 38. Kg1 Rxa3 39. Kf2 Rb3
40. Rb7 h5 41. h4 Rb2+ 42. Kf3 Rb3+ 43. Kf2 Kf6 44. b5 e5 45. fxe5+ Kxe5 46.
Rxf7 Rxb5 47. Rf4 Rb2+ 48. Kf3 Rb3+ 49. Kg2 Rb2+ 1/2-1/2

[Event "37. Copenhagen Open (Politiken Cup)"]
[Site "Elsinore"]
[Date "2015.07.30"]
[Round "7"]
[White "Andersen, Morten"]
[Black "Fabrin, Morten"]
[Result "1-0"]
[WhiteElo "2174"]
[BlackElo "2009"]
[PlyCount "81"]
[EventDate "2015.07.25"]
[EventType "swiss"]
[EventRounds "10"]
[EventCountry "DEN"]
[Source "ChessBase"]
[SourceDate "2015.09.14"]

1. c4 Nf6 2. g3 c5 3. Bg2 Nc6 4. Nf3 g6 5. Nc3 Bg7 6. O-O O-O 7. d4 cxd4 8.
Nxd4 Nxd4 9. Qxd4 d6 10. Qd3 a6 11. Rd1 Nd7 12. b3 Rb8 13. Bg5 Nc5 14. Qe3 Ne6
15. Bh6 Bd7 16. Rac1 Bc6 17. Nd5 Bxd5 18. cxd5 Nc5 19. Rc4 e5 20. dxe6 Nxe6 21.
Bd5 Qf6 22. Bxg7 Nxg7 23. Rc7 b5 24. Ra7 Nf5 25. Qf3 Qb2 26. g4 Qc2 27. e3 Qc5
28. Rd7 Nh6 29. Qf6 Qc2 30. Rd4 Qb1+ 31. Kg2 Rbc8 32. g5 Qf5 33. Qxf5 Nxf5 34.
Rd2 Rc3 35. Ra7 h6 36. gxh6 Nxh6 37. Rxa6 Nf5 38. Be4 Nh4+ 39. Kh3 g5 40. Rdxd6
Kg7 41. Rd5 1-0

[Event "37. Copenhagen Open (Politiken Cup)"]
[Site "Elsinore"]
[Date "2015.07.30"]
[Round "7"]
[White "Andersen, Rune Egede"]
[Black "Thorsbro, Peter"]
[Result "1/2-1/2"]
[WhiteElo "2028"]
[BlackElo "2216"]
[PlyCount "63"]
[EventDate "2015.07.25"]
[EventType "swiss"]
[EventRounds "10"]
[EventCountry "DEN"]
[Source "ChessBase"]
[SourceDate "2015.09.14"]

1. e4 c6 2. c4 d5 3. exd5 cxd5 4. cxd5 Nf6 5. Nc3 Nxd5 6. Nf3 Nxc3 7. bxc3 g6
8. Bc4 Bg7 9. h4 Qc7 10. Qb3 O-O 11. Ng5 e6 12. d4 Nc6 13. Be2 Na5 14. Qa3 b6
15. h5 Bb7 16. hxg6 hxg6 17. Rh4 Nc4 18. Qb3 Bd5 19. Qc2 e5 20. Qd3 exd4 21.
Bf4 Ne5 22. Qxd4 Nf3+ 23. Bxf3 Bxd4 24. Bxc7 Bxc3+ 25. Kf1 Bxf3 26. Rc1 Bd2 27.
Be5 f6 28. Rc7 Rac8 29. Rh8+ Kxh8 30. Bxf6+ Rxf6 31. Rxc8+ Kg7 32. Rc7+ 1/2-1/2

[Event "37. Copenhagen Open (Politiken Cup)"]
[Site "Elsinore"]
[Date "2015.07.30"]
[Round "7"]
[White "Andersen, Torben Bodskov"]
[Black "Buchal, Stephan"]
[Result "0-1"]
[WhiteElo "2106"]
[BlackElo "2267"]
[PlyCount "98"]
[EventDate "2015.07.25"]
[EventType "swiss"]
[EventRounds "10"]
[EventCountry "DEN"]
[Source "ChessBase"]
[SourceDate "2015.09.14"]

1. e4 g6 2. d4 Bg7 3. c3 d6 4. f4 Nf6 5. Bd3 O-O 6. Nf3 c5 7. O-O cxd4 8. Nxd4
Nbd7 9. Nd2 e5 10. fxe5 dxe5 11. N4b3 b6 12. Qe2 Bb7 13. Nf3 Qc7 14. Bg5 h6 15.
Bh4 Nh5 16. Bc2 Ndf6 17. Rfd1 Rae8 18. Rd2 Nf4 19. Qe1 Qc6 20. Bxf6 Qxf6 21.
Rad1 Bc8 22. Rd6 Re6 23. Qd2 Ba6 24. Rxe6 Nxe6 25. Qe3 Rd8 26. Rxd8+ Qxd8 27.
Qd2 Qc7 28. Nc1 Bb7 29. Ne2 h5 30. b3 Kh7 31. Ng5+ Nxg5 32. Qxg5 Ba6 33. c4 b5
34. Qd2 bxc4 35. b4 Qb6+ 36. Kf1 Bc8 37. a3 Be6 38. Ke1 Bh6 39. Qc3 Qd8 40. Kf2
Qh4+ 41. Qg3 Qf6+ 42. Qf3 Qd8 43. Qc3 Qd6 44. Qa1 Bg5 45. Qd1 Qb6+ 46. Kf1 Qe3
47. a4 Bh4 48. g3 Be7 49. Qe1 Bh3# 0-1

[Event "37. Copenhagen Open (Politiken Cup)"]
[Site "Elsinore"]
[Date "2015.07.30"]
[Round "7"]
[White "Andreassen, Mikkel"]
[Black "Birkestrand, Odd Helge"]
[Result "1/2-1/2"]
[WhiteElo "1954"]
[BlackElo "1698"]
[PlyCount "81"]
[EventDate "2015.07.25"]
[EventType "swiss"]
[EventRounds "10"]
[EventCountry "DEN"]
[Source "ChessBase"]
[SourceDate "2015.09.14"]

1. d4 f5 2. Nf3 Nf6 3. g3 e6 4. Bg2 Be7 5. O-O O-O 6. c4 d6 7. Nc3 c6 8. Qc2
Nbd7 9. Rd1 d5 10. b3 Ne4 11. Ne1 Nxc3 12. Qxc3 Nf6 13. Nd3 Qe8 14. Ne5 Nd7 15.
Nf3 Qh5 16. b4 Nb6 17. c5 Nc4 18. a4 Bd7 19. Ra2 g5 20. Ne5 Nxe5 21. dxe5 Rf7
22. Rd3 Raf8 23. f4 g4 24. Rad2 Qg6 25. Ba3 h5 26. Kf2 Qh6 27. Rd1 Rh7 28. Qb3
h4 29. b5 h3 30. Bh1 Rc8 31. Rc3 Qf8 32. Rdc1 Rf7 33. Qb1 Bd8 34. Qd3 Qe8 35.
Rb3 Be7 36. bxc6 Bxc6 37. a5 a6 38. Rb6 Bd8 39. Rcb1 Rd7 40. R1b2 Be7 41. Qb1
1/2-1/2

[Event "37. Copenhagen Open (Politiken Cup)"]
[Site "Elsinore"]
[Date "2015.07.30"]
[Round "7"]
[White "Antonsen, Mikkel"]
[Black "Henningsen, Lasse"]
[Result "1-0"]
[WhiteElo "2469"]
[BlackElo "1960"]
[PlyCount "75"]
[EventDate "2015.07.25"]
[EventType "swiss"]
[EventRounds "10"]
[EventCountry "DEN"]
[Source "ChessBase"]
[SourceDate "2015.09.14"]

1. d4 e6 2. c4 Nf6 3. Nf3 d5 4. Nc3 Be7 5. g3 O-O 6. Bg2 b6 7. cxd5 exd5 8. O-O
c6 9. Bf4 Re8 10. Rc1 Bb7 11. Qb3 Nbd7 12. Rfd1 Nf8 13. Bh3 Ng6 14. Bg5 h6 15.
Bxf6 Bxf6 16. e3 Qd6 17. Re1 Be7 18. Bg2 Qd8 19. e4 dxe4 20. Rxe4 Bd6 21. Rxe8+
Qxe8 22. Re1 Qd7 23. Ne5 Nxe5 24. dxe5 Be7 25. e6 fxe6 26. Rd1 Qc8 27. Bh3 Kh8
28. Bxe6 Qf8 29. Rd7 Rb8 30. Ne4 c5 31. Bd5 Bxd5 32. Qxd5 Rd8 33. Qb7 Rxd7 34.
Qxd7 Bf6 35. Qxa7 Bxb2 36. Qxb6 Bd4 37. Qc6 Qf3 38. Qa8+ 1-0

[Event "37. Copenhagen Open (Politiken Cup)"]
[Site "Elsinore"]
[Date "2015.07.30"]
[Round "7"]
[White "Arbeus, Carl Johan"]
[Black "Gade, Jens"]
[Result "1-0"]
[WhiteElo "1779"]
[BlackElo "1572"]
[PlyCount "87"]
[EventDate "2015.07.25"]
[EventType "swiss"]
[EventRounds "10"]
[EventCountry "DEN"]
[Source "ChessBase"]
[SourceDate "2015.09.14"]

1. e4 c5 2. Nf3 d6 3. d4 cxd4 4. Nxd4 Nf6 5. Nc3 a6 6. Bc4 e6 7. Be3 Be7 8. Qe2
O-O 9. O-O-O b5 10. Bd3 Bb7 11. f3 Nc6 12. g4 Nb4 13. g5 Nxd3+ 14. Qxd3 Nd7 15.
g6 fxg6 16. Nxe6 Qe8 17. Nxf8 Qxf8 18. Nd5 Bxd5 19. Qxd5+ Kh8 20. h4 Nf6 21.
Qe6 Rd8 22. Bg5 h6 23. Bxf6 gxf6 24. f4 Kg7 25. h5 Qf7 26. Qxf7+ Kxf7 27. hxg6+
Kxg6 28. Rdg1+ Kh7 29. f5 d5 30. Rg6 Bf8 31. exd5 Rxd5 32. Rxf6 Bg7 33. Rxa6
Rxf5 34. Ra7 Rg5 35. Rh2 Kg6 36. b3 Bf6 37. Rd7 Rg1+ 38. Kd2 b4 39. Rd6 Kg5 40.
Rxf6 Kxf6 41. Rxh6+ Kg5 42. Rb6 Ra1 43. Rb5+ Kf4 44. Rxb4+ 1-0

[Event "37. Copenhagen Open (Politiken Cup)"]
[Site "Elsinore"]
[Date "2015.07.30"]
[Round "7"]
[White "Ask, Josef"]
[Black "Liedbeck, Patrik"]
[Result "1-0"]
[WhiteElo "2170"]
[BlackElo "1986"]
[PlyCount "69"]
[EventDate "2015.07.25"]
[EventType "swiss"]
[EventRounds "10"]
[EventCountry "DEN"]
[Source "ChessBase"]
[SourceDate "2015.09.14"]

1. c4 Nf6 2. Nc3 g6 3. Nf3 d5 4. cxd5 Nxd5 5. Qa4+ c6 6. e4 Nb6 7. Qa5 Bg7 8.
d4 O-O 9. Be3 N6d7 10. Qxd8 Rxd8 11. Bc4 Nb6 12. Bb3 h6 13. Ne5 e6 14. f4 N8d7
15. Nf3 Nf6 16. h3 Bf8 17. a3 Bd7 18. Ne5 Be8 19. O-O Nfd7 20. f5 Nxe5 21. dxe5
gxf5 22. exf5 Nd5 23. Nxd5 cxd5 24. fxe6 fxe6 25. Rf6 Bf7 26. Raf1 Rd7 27. Bxh6
Bc5+ 28. Kh1 Bd4 29. Bf4 Bxb2 30. Rf3 Rc7 31. Rg3+ Kf8 32. Bh6+ Ke8 33. Ba4+
Kd8 34. Rgf3 Be8 35. Rf8 1-0

[Event "37. Copenhagen Open (Politiken Cup)"]
[Site "Elsinore"]
[Date "2015.07.30"]
[Round "7"]
[White "Astrom, Lars"]
[Black "Haug, Johannes"]
[Result "1/2-1/2"]
[WhiteElo "2097"]
[BlackElo "2236"]
[PlyCount "170"]
[EventDate "2015.07.25"]
[EventType "swiss"]
[EventRounds "10"]
[EventCountry "DEN"]
[Source "ChessBase"]
[SourceDate "2015.09.14"]

1. e4 c6 2. d4 d5 3. exd5 cxd5 4. c4 Nf6 5. Nc3 Nc6 6. Bg5 Be6 7. a3 g6 8. c5
Bg7 9. Bb5 O-O 10. Nge2 Ne4 11. Be3 Na5 12. Nxe4 dxe4 13. Nf4 Bb3 14. Qd2 Bc4
15. Qb4 Bxb5 16. Qxb5 Nc6 17. d5 Ne5 18. Rd1 Qc8 19. O-O Rb8 20. Qa4 Qf5 21. c6
bxc6 22. dxc6 Rxb2 23. c7 Nd3 24. Nxd3 exd3 25. Qxa7 Be5 26. Bd4 Rc2 27. Bxe5
Qxe5 28. Rxd3 Rxc7 29. Qe3 Qxe3 30. Rxe3 Ra8 31. Ra1 Rca7 32. g3 e6 33. Kf1 Kf8
34. Ke2 Ke7 35. Kd2 Kd6 36. Rf3 f5 37. Rd3+ Kc6 38. Rc1+ Kb5 39. Rb1+ Kc6 40.
Rc1+ Kb5 41. Rb3+ Ka4 42. Rb6 Rd7+ 43. Ke2 e5 44. Rcb1 Raa7 45. h4 Rdc7 46. Kf1
Rd7 47. Ke2 Rdc7 48. Kf1 Rd7 49. R6b5 Re7 50. Kg2 e4 51. h5 e3 52. fxe3 Rxe3
53. Rb7 Re7 54. Rxa7+ Rxa7 55. Rb6 gxh5 56. Rf6 Kxa3 57. Rxf5 Kb4 58. Rd5 Kc4
59. Rd1 Rg7 60. Kh3 Kc3 61. Kh4 Rg4+ 62. Kh3 Rg7 63. Rd8 Kc4 64. Rd2 Kc3 65.
Rd1 Kc4 66. Rd8 Kc3 67. Rd5 Kc4 68. Rxh5 Kd4 69. Rf5 Ke4 70. g4 Rd7 71. Kh4 Rd6
72. Kg5 h6+ 73. Kh5 Rb6 74. Rf8 Ra6 75. Rh8 Kf3 76. Rf8+ Ke4 77. Kh4 Rb6 78.
Kg3 Rb3+ 79. Kf2 Rb2+ 80. Kg3 Rb3+ 81. Kh4 Rb6 82. Kh5 Ra6 83. Rh8 Kf3 84. Rxh6
Rxh6+ 85. Kxh6 Kxg4 1/2-1/2

[Event "37. Copenhagen Open (Politiken Cup)"]
[Site "Elsinore"]
[Date "2015.07.30"]
[Round "7"]
[White "Bering, Anders"]
[Black "Ranaldi, Lucas"]
[Result "1/2-1/2"]
[WhiteElo "1996"]
[BlackElo "2142"]
[PlyCount "126"]
[EventDate "2015.07.25"]
[EventType "swiss"]
[EventRounds "10"]
[EventCountry "DEN"]
[Source "ChessBase"]
[SourceDate "2015.09.14"]

1. e4 c5 2. Nf3 d6 3. Bb5+ Bd7 4. Bxd7+ Qxd7 5. O-O Nc6 6. c3 Nf6 7. Re1 g6 8.
d4 Bg7 9. d5 Na5 10. Nbd2 Ng4 11. h3 Ne5 12. Nxe5 Bxe5 13. Qe2 b5 14. Nf3 O-O
15. Nxe5 dxe5 16. Bh6 Rfc8 17. f4 exf4 18. Bxf4 a6 19. Rad1 Nb7 20. e5 e6 21.
Qe4 exd5 22. Rxd5 Qe6 23. Bg5 Rc7 24. Bf6 Qe8 25. Qe3 Nd8 26. Rxc5 Rxc5 27.
Qxc5 Ne6 28. Qd5 Rc8 29. Rd1 Qc6 30. Qxc6 Rxc6 31. Rd6 Rxd6 32. exd6 Nc5 33. b3
Kf8 34. c4 Ke8 35. Bd4 Ne6 36. Be3 bxc4 37. bxc4 Kd7 38. c5 f5 39. Kf1 Kc6 40.
Ke2 Nf8 41. Kf3 Ne6 42. h4 Kd5 43. Ke2 Kc6 44. Kd2 Nd8 45. Kc3 Ne6 46. Kb4 Kb7
47. Ka5 Nf8 48. Bf4 Nd7 49. c6+ Kxc6 50. Kxa6 Nc5+ 51. Ka5 Nd3 52. g3 Nc5 53.
Kb4 Ne4 54. Kc4 h6 55. Be5 g5 56. h5 f4 57. gxf4 gxf4 58. Bxf4 Nf6 59. Bxh6
Nxh5 60. Bf8 Nf6 61. Kb4 Ne8 62. Ka5 Nxd6 63. Bxd6 Kb7 1/2-1/2

[Event "37. Copenhagen Open (Politiken Cup)"]
[Site "Elsinore"]
[Date "2015.07.30"]
[Round "7"]
[White "Bjerre, Jonas Buhl"]
[Black "Kristiansen, Tore"]
[Result "1-0"]
[WhiteElo "2083"]
[BlackElo "1784"]
[PlyCount "69"]
[EventDate "2015.07.25"]
[EventType "swiss"]
[EventRounds "10"]
[EventCountry "DEN"]
[Source "ChessBase"]
[SourceDate "2015.09.14"]

1. e4 e5 2. Nf3 Nc6 3. Bc4 Bc5 4. d3 Nf6 5. c3 a6 6. Bb3 Ba7 7. Nbd2 d6 8. Nf1
h6 9. Ng3 O-O 10. O-O Be6 11. Bc2 Ne7 12. d4 Ng6 13. Nf5 Re8 14. Re1 c5 15. b4
Qc7 16. bxc5 dxc5 17. dxe5 Nxe5 18. Bf4 Bxf5 19. Bxe5 Rxe5 20. Nxe5 Qxe5 21.
exf5 Qxc3 22. Re3 Qa5 23. Re7 b5 24. Qf3 Qd8 25. Rd1 Qxe7 26. Qxa8+ Kh7 27. Qd8
Qe2 28. Qd2 Qe5 29. Qe3 Qb2 30. Qb3 Qe5 31. Qxf7 Bb8 32. Qg6+ Kh8 33. Qg3 Qe8
34. Qe3 Qf8 35. Qe6 1-0

[Event "37. Copenhagen Open (Politiken Cup)"]
[Site "Elsinore"]
[Date "2015.07.30"]
[Round "7"]
[White "Bjorneboe, Kristian"]
[Black "Kvamme, John Agnar"]
[Result "0-1"]
[WhiteElo "2015"]
[BlackElo "2158"]
[PlyCount "90"]
[EventDate "2015.07.25"]
[EventType "swiss"]
[EventRounds "10"]
[EventCountry "DEN"]
[Source "ChessBase"]
[SourceDate "2015.09.14"]

1. d4 Nf6 2. Nf3 g6 3. Nc3 d5 4. Bf4 Bg7 5. e3 O-O 6. Be2 c5 7. h3 Nc6 8. O-O
Ne4 9. Na4 Qa5 10. c3 cxd4 11. exd4 Bd7 12. b4 Nxb4 13. cxb4 Qxa4 14. Qxa4 Bxa4
15. Rac1 Rfc8 16. Bd3 Nc3 17. Rfe1 e6 18. a3 a6 19. Ne5 Bb5 20. Be3 Bxd3 21.
Nxd3 Nb5 22. Nc5 Bxd4 23. Nxb7 Bxe3 24. Rxc8+ Rxc8 25. Rxe3 Rc1+ 26. Kh2 Ra1
27. Nc5 Rxa3 28. Rxa3 Nxa3 29. Nxa6 Nb5 30. Kg3 f6 31. Kf3 Kf7 32. Ke3 e5 33.
Nc5 Ke7 34. f4 e4 35. g4 f5 36. Nb3 Kd6 37. g5 Kc7 38. h4 Kd6 39. Nd2 d4+ 40.
Ke2 Kd5 41. Nf1 Kc4 42. Ng3 d3+ 43. Ke3 Kc3 44. Nxf5 gxf5 45. h5 d2 0-1

[Event "37. Copenhagen Open (Politiken Cup)"]
[Site "Elsinore"]
[Date "2015.07.30"]
[Round "7"]
[White "Boukhris, Yacine"]
[Black "Nielsen, Andre"]
[Result "1/2-1/2"]
[WhiteElo "2163"]
[BlackElo "1963"]
[PlyCount "37"]
[EventDate "2015.07.25"]
[EventType "swiss"]
[EventRounds "10"]
[EventCountry "DEN"]
[Source "ChessBase"]
[SourceDate "2015.09.14"]

1. e4 c5 2. Nf3 d6 3. g3 Nf6 4. d3 Nc6 5. Bg2 e6 6. O-O Be7 7. c3 O-O 8. Re1
Qc7 9. Nbd2 b5 10. a4 b4 11. Nc4 Ba6 12. Ne3 Rfd8 13. c4 Nd7 14. h4 Nde5 15.
Nh2 Nd4 16. f4 Nec6 17. Nf3 Rab8 18. Rf1 b3 19. f5 1/2-1/2

[Event "37. Copenhagen Open (Politiken Cup)"]
[Site "Elsinore"]
[Date "2015.07.30"]
[Round "7"]
[White "Bredeli, Havard Iversen"]
[Black "Johannesen, Lars Peter Meldgaar"]
[Result "0-1"]
[WhiteElo "1346"]
[BlackElo "1718"]
[PlyCount "72"]
[EventDate "2015.07.25"]
[EventType "swiss"]
[EventRounds "10"]
[EventCountry "DEN"]
[Source "ChessBase"]
[SourceDate "2015.09.14"]

1. d4 d5 2. c4 c6 3. Nc3 e6 4. Nf3 Nd7 5. e3 Ngf6 6. c5 Qc7 7. b4 a6 8. a4 e5
9. dxe5 Nxe5 10. Nxe5 Qxe5 11. Bd2 Bd7 12. Bd3 Be7 13. O-O O-O 14. f4 Qc7 15.
Ne2 Rae8 16. a5 Bd8 17. h3 Qc8 18. Ng3 Ne4 19. Bxe4 dxe4 20. Bc3 Bxh3 21. f5
Bh4 22. gxh3 Bxg3 23. Qg4 Be5 24. Bxe5 Rxe5 25. Qf4 f6 26. Kh2 Rd8 27. Rad1 Rd7
28. Rd4 Qe8 29. Rfd1 Rdd5 30. Rxd5 cxd5 31. Rd4 Qd7 32. Kg3 Kf8 33. Kg4 g6 34.
Qh6+ Kg8 35. Qf4 Rxf5 36. Qb8+ Kg7 0-1

[Event "37. Copenhagen Open (Politiken Cup)"]
[Site "Elsinore"]
[Date "2015.07.30"]
[Round "7"]
[White "Brendel, Bergit"]
[Black "Jernselius, Kjell"]
[Result "1-0"]
[WhiteElo "2086"]
[BlackElo "1768"]
[PlyCount "79"]
[EventDate "2015.07.25"]
[EventType "swiss"]
[EventRounds "10"]
[EventCountry "DEN"]
[Source "ChessBase"]
[SourceDate "2015.09.14"]

1. e4 g6 2. d4 Bg7 3. Nc3 d6 4. Be3 a6 5. a4 Nd7 6. g4 e6 7. Nge2 Ne7 8. Ng3 c5
9. Bg2 O-O 10. O-O cxd4 11. Bxd4 Bxd4 12. Qxd4 Qb6 13. Rfd1 Qxd4 14. Rxd4 Ne5
15. Rxd6 N7c6 16. b3 Nxg4 17. h3 Nge5 18. f4 Nd7 19. Rad1 Ndb8 20. e5 f6 21.
exf6 Rxf6 22. Nce2 Kg7 23. Ne4 Rf7 24. Nd2 Rd7 25. Nc4 Rxd6 26. Nxd6 Nd7 27.
Nxc8 Nf6 28. Nb6 Rd8 29. Rxd8 Nxd8 30. Kf2 Nh5 31. Ke3 Kf6 32. a5 g5 33. Nd7+
Ke7 34. Nc5 gxf4+ 35. Nxf4 Ng3 36. Nxb7 Nf5+ 37. Kd3 Nf7 38. Nc5 N7d6 39. Kc3
Ne3 40. Be4 1-0

[Event "37. Copenhagen Open (Politiken Cup)"]
[Site "Elsinore"]
[Date "2015.07.30"]
[Round "7"]
[White "Carlstedt, Jonathan"]
[Black "Bijlsma, Nick"]
[Result "0-1"]
[WhiteElo "2460"]
[BlackElo "2298"]
[PlyCount "66"]
[EventDate "2015.07.25"]
[EventType "swiss"]
[EventRounds "10"]
[EventCountry "DEN"]
[Source "ChessBase"]
[SourceDate "2015.09.14"]

1. c4 e5 2. g3 Nc6 3. Bg2 Bc5 4. Nc3 a6 5. e3 d6 6. Nge2 Ba7 7. d4 h5 8. b4
exd4 9. exd4 Nxb4 10. d5 a5 11. O-O h4 12. Nd4 Kf8 13. Ncb5 Bb6 14. a3 Na6 15.
Ra2 Bd7 16. Bf4 Qf6 17. Rd2 Re8 18. Rd3 Qg6 19. gxh4 Rxh4 20. Rg3 Rg4 21. Kh1
Rxg3 22. fxg3 Nf6 23. Nf3 Ne4 24. Nbd4 Qh5 25. h4 g5 26. Bxg5 Nxg3+ 27. Kh2
Nxf1+ 28. Qxf1 Nc5 29. Nd2 Qg6 30. Ne2 Nd3 31. Nb3 Be3 32. Ng3 Bxg5 33. hxg5
Qh7+ 0-1

[Event "37. Copenhagen Open (Politiken Cup)"]
[Site "Elsinore"]
[Date "2015.07.30"]
[Round "7"]
[White "Carstensen, Jacob"]
[Black "Merkesvik, Sondre"]
[Result "1-0"]
[WhiteElo "2336"]
[BlackElo "2130"]
[PlyCount "79"]
[EventDate "2015.07.25"]
[EventType "swiss"]
[EventRounds "10"]
[EventCountry "DEN"]
[Source "ChessBase"]
[SourceDate "2015.09.14"]

1. d4 Nf6 2. c4 g6 3. Nc3 d5 4. cxd5 Nxd5 5. e4 Nxc3 6. bxc3 Bg7 7. Nf3 c5 8.
Rb1 Nc6 9. d5 Ne5 10. Nxe5 Bxe5 11. Qd2 O-O 12. f4 Bc7 13. e5 Ba5 14. Be2 a6
15. Ba3 b6 16. Bf3 Bf5 17. Rd1 Rc8 18. g4 Bd7 19. h4 e6 20. h5 g5 21. fxg5 exd5
22. g6 Qe7 23. O-O Qxe5 24. Bxd5 Bxc3 25. Bxf7+ Kh8 26. Qf4 Bb5 27. Qxe5+ Bxe5
28. Rfe1 hxg6 29. Rxe5 Rxf7 30. hxg6 Rf4 31. Bb2 Rxg4+ 32. Kh2 Kg8 33. Rh5 Rd4
34. Rxd4 cxd4 35. Bxd4 Rc2+ 36. Kg3 Kf8 37. g7+ Kf7 38. Rf5+ Kg6 39. g8=Q+ Kxf5
40. Qh7+ 1-0

[Event "37. Copenhagen Open (Politiken Cup)"]
[Site "Elsinore"]
[Date "2015.07.30"]
[Round "7"]
[White "Christensen, Lasse"]
[Black "Adan Bermudez, Sergio"]
[Result "1/2-1/2"]
[WhiteElo "2168"]
[BlackElo "2402"]
[PlyCount "78"]
[EventDate "2015.07.25"]
[EventType "swiss"]
[EventRounds "10"]
[EventCountry "DEN"]
[Source "ChessBase"]
[SourceDate "2015.09.14"]

1. g3 d5 2. Bg2 c6 3. Nf3 Nf6 4. O-O Bg4 5. c4 dxc4 6. Qc2 Qd5 7. Nc3 Qc5 8. b3
cxb3 9. axb3 Qf5 10. Qxf5 Bxf5 11. d3 Nbd7 12. b4 e5 13. b5 Nd5 14. bxc6 bxc6
15. Nxd5 cxd5 16. e4 Be6 17. Nxe5 Nxe5 18. exd5 Bg4 19. Re1 Bc5 20. Rxe5+ Kd7
21. Be3 Bd6 22. Rg5 Be2 23. Rxg7 Bh5 24. Rg5 Bg6 25. Bh3+ Ke7 26. Rxa7+ Rxa7
27. Bxa7 Ra8 28. Be3 Ra1+ 29. Kg2 h6 30. Rg4 Bxd3 31. Rh4 f5 32. Rxh6 Be4+ 33.
f3 Ra2+ 34. Kg1 Ra1+ 35. Kg2 Ra2+ 36. Kf1 Bd3+ 37. Kg1 Ra1+ 38. Kg2 Ra2+ 39.
Kg1 Ra1+ 1/2-1/2

[Event "37. Copenhagen Open (Politiken Cup)"]
[Site "Elsinore"]
[Date "2015.07.30"]
[Round "7"]
[White "Christiansen, Johan Sebastian"]
[Black "Klings, Peter"]
[Result "1-0"]
[WhiteElo "2409"]
[BlackElo "2154"]
[PlyCount "147"]
[EventDate "2015.07.25"]
[EventType "swiss"]
[EventRounds "10"]
[EventCountry "DEN"]
[Source "ChessBase"]
[SourceDate "2015.09.14"]

1. c4 c5 2. g3 Nc6 3. Bg2 g6 4. Nc3 Bg7 5. Nf3 d6 6. O-O Qd7 7. e3 Nh6 8. Rb1
Rb8 9. a3 Nf5 10. b4 b6 11. Qb3 O-O 12. Bb2 a6 13. d3 Bb7 14. Nd5 Ba8 15. Rfd1
Qa7 16. d4 b5 17. dxc5 dxc5 18. Bxg7 Nxg7 19. cxb5 axb5 20. bxc5 Qxc5 21. Rbc1
Qa7 22. Ng5 Ne8 23. h4 e6 24. Nf4 Na5 25. Qb4 Bxg2 26. Kxg2 Nf6 27. Qc3 Ng4 28.
h5 Nc4 29. hxg6 hxg6 30. Rh1 Nce5 31. Kg1 Qb7 32. Qb2 Rfc8 33. Rb1 Qc7 34. Ne4
Qc2 35. Qxc2 Rxc2 36. Nh3 Kg7 37. Nhg5 Nf6 38. Nd6 Rd8 39. Nxb5 Rdd2 40. Nd4
Ra2 41. Rb7 Rd1+ 42. Kg2 Rxh1 43. Kxh1 Ned7 44. Nb5 Rxf2 45. Nd6 Kh6 46. Ndxf7+
Kh5 47. Nh3 Ra2 48. Rb4 g5 49. Nfxg5 Ng4 50. Nxe6 Nde5 51. Nhf4+ Kh6 52. Nd4
Ra1+ 53. Kg2 Ra2+ 54. Kh1 Ra1+ 55. Kg2 Ra2+ 56. Kf1 Ra1+ 57. Ke2 Ra2+ 58. Ke1
Ra1+ 59. Kd2 Ra2+ 60. Nc2 Nxe3 61. Kxe3 Rxc2 62. Ke4 Nc6 63. Rb5 Kg7 64. Rb6
Ne7 65. Rb7 Kf8 66. Ke5 Rc5+ 67. Kf6 Ng8+ 68. Ke6 Rc6+ 69. Kd5 Rh6 70. Ke5 Ke8
71. Ne6 Ne7 72. Rb8+ Kd7 73. Rd8+ Kc6 74. Rd6+ 1-0